Normal view
MARC view
- صعوبات التعلم- الاضطرابات النمائية- استراتيجيات التعلم- اساليب التدريس-التربية الخاصة
Entry Topical Term
001 - CONTROL NUMBER
- control field: 61765
003 - CONTROL NUMBER IDENTIFIER
- control field: JO-AjAnu
005 - DATE AND TIME OF LATEST TRANSACTION
- control field: 20230606084106.0
008 - FIXED-LENGTH DATA ELEMENTS
- fixed length control field: 230606|| aca||aabn | a|a d
040 ## - CATALOGING SOURCE
- Original cataloging agency: JO-AjAnu
- Transcribing agency: JO-AjAnu
150 ## - HEADING--TOPICAL TERM
- Topical term or geographic name entry element: صعوبات التعلم- الاضطرابات النمائية- استراتيجيات التعلم- اساليب التدريس-التربية الخاصة
670 ## - SOURCE DATA FOUND
- Source citation: Work cat.: (JO-AjAnu)31503: الخطيب، جمال, author 61764, صعوبات التعلم: الخصائص،والتشخيص،واستراتيجيات التدريس